| 000 | 00653cab a2200217 4500 | ||
|---|---|---|---|
| 001 | WB3221-42 | ||
| 008 | 090401t1996 xxu||||| |||| 00| 0 eng d | ||
| 035 | _a(Sirsi) u14029 | ||
| 041 | _aeng | ||
| 245 | _aTightening council tax | ||
| 260 | _c1996 | ||
| 350 | _a0 | ||
| 490 |
_aTimes _v25 May 1996, 28(2) |
||
| 520 | _aHighlights how, as council tax rates rise, residents are liable to pay for any outstanding charges that may occur due to council error, for up to six years after the mistake. | ||
| 650 | _aBANDING | ||
| 650 | _aCOUNCIL TAX | ||
| 650 | _aGRANNY FLATS | ||
| 690 | _aRATING AND VALUATION | ||
| 942 | _n0 | ||
| 948 | _c04/03/1997 | ||
| 999 |
_c9087 _d9087 |
||